000 00647nam a2200229Ia 4500
003 OSt
005 20220928110835.0
006 a|||||r|||| 00| 0
007 ta
008 220927b |||||||| |||| 00| 0 eng d
024 _a59847
037 _cTextual
040 _aSDCL
_cSDCL
_beng
041 _2eng
_aeng
082 _aO152,2N38:gx, P6
100 _aShireish Urmila
_9420841
245 0 _aPrabhkar shotriy
_b Aalochana ki tesri parampara.
260 _aNew Delhi
_bNational Publishing House
_c2006
300 _a541p.
_ccm.
942 _hO152,2N38:gx, P6
_cTEXL
_2CC
999 _c737112
_d737112